[Event "EU-Cup 21st"]
[Site "Saint Vincent"]
[Date "2005.09.24"]
[Round "7.3"]
[White "Jakovenko, Dmitrij"]
[Black "Krasenkow, Michal"]
[Result "0-1"]
[WhiteElo "2627"]
[BlackElo "2663"]
[Annotator "Finkel,A"]
[PlyCount "60"]
[EventDate "2005.09.18"]
[EventType "team-swiss"]
[EventRounds "7"]
[EventCountry "ITA"]
[SourceTitle "CBM 110"]
[Source "ChessBase"]
[SourceDate "2006.01.31"]
[SourceVersion "1"]
[SourceVersionDate "2006.01.31"]
[SourceQuality "1"]
[WhiteTeam "Tomsk 400"]
[BlackTeam "Warsaw Polonia"]
[WhiteTeamCountry "RUS"]
[BlackTeamCountry "POL"]

1. e4 c5 2. Nf3 Nc6 3. Bb5 e6 4. Bxc6 bxc6 5. d3 Ne7 6. O-O Ng6 7. Qe2 d5 8. e5
{Quite a typical reaction. At some point Black would like to push e5 opening
up his lightsquared bishop, so White is taking some precautions. The drawback
of this move is that Black may open up the position with ...f6 getting strong
pressure on the kingside.} (8. c4 f6 9. e5 Be7 10. Nc3 O-O 11. Na4 fxe5 12.
Nxe5 Nxe5 13. Qxe5 Bd6 14. Qg5 Qc7 15. f4 $14 {Oratovsky,M-Birnboim,N/Israel
1992}) 8... f6 9. b3 fxe5 10. Bb2 $6 {A dubious decision after which White is
left without any counterplay. Much better was} (10. Nxe5 Bd6 (10... Nxe5 11.
Qxe5 Qf6 12. Bb2 Be7 13. Nd2 $14) 11. Bb2 Qg5 12. Nxg6 hxg6 13. g3 $13 {
[%cal Gf2f4,Gb1d2,Gd2f3] with very sharp play in which White's chances seem to
be pretty good.}) 10... e4 $1 $15 11. dxe4 Bd6 12. e5 {After this move White
is left with no counterplay so may be he should have preferred} (12. Bxg7 Rg8
13. e5 (13. Bh6 Bf4 $1) 13... Rxg7 14. exd6 Qxd6 15. Qe3 e5 $15 {even though
Black's chances are better anyway.}) 12... Be7 13. Nc3 O-O {[%cal Gg6f4,Gd8e8,
Ge8g6]} 14. Na4 Nf4 15. Qe3 Ba6 16. Rfe1 Qe8 $17 {White king is far too weak,
so his position deteriorates very quickly.} 17. Ba3 (17. Nxc5 Qg6 18. g3 Bxc5
19. Qxc5 Be2 $19) 17... Qg6 18. g3 Nh3+ 19. Kg2 Rxf3 $1 {[%csl Rf2][%cal Ga8f8]
} (19... Qg4 20. Nxc5 Be2 $1 $19) 20. Qxf3 Rf8 21. Qxf8+ Kxf8 22. Kxh3 Qh5+ 23.
Kg2 Be2 24. h3 $6 (24. Kg1 $142 Bf3 25. Re3 d4 26. Rd3 Be4 27. Bxc5 Bxd3 28.
cxd3 Qxe5 29. Bxa7 $17) 24... Bf3+ 25. Kh2 Bg4 26. Rh1 Bxh3 27. Kg1 Qxe5 28.
Bb2 Qf5 29. f3 Bd6 30. f4 g5 0-1

[Event "Moscow Aeroflot op"]
[Site "Moscow"]
[Date "2002.02.10"]
[Round "9"]
[White "Rublevsky, Sergei"]
[Black "Mikhalevski, Victor"]
[Result "1-0"]
[WhiteElo "2655"]
[BlackElo "2531"]
[Annotator "Finkel,A"]
[PlyCount "59"]
[EventDate "2002.02.04"]
[EventType "swiss"]
[EventRounds "9"]
[EventCountry "RUS"]
[SourceTitle "CBM 088"]
[Source "ChessBase"]
[SourceDate "2002.03.21"]
[SourceVersion "1"]
[SourceVersionDate "2002.03.21"]
[SourceQuality "1"]

1. e4 c5 2. Nf3 Nc6 3. Bb5 e6 4. O-O (4. Bxc6 bxc6 5. d3 Ne7 6. O-O Ng6 7. Ng5
$5 e5 8. Qh5 Qf6 $1 9. Nc3 d6 10. Nxh7 $6 Qd8 11. g3 Be7 $2 {
Hennigan-Chernajev/Gausdal/1995} (11... Qd7 $1)) 4... Nge7 5. c3 a6 (5... d5 6.
exd5 Qxd5 7. Re1 Bd7 8. Na3 Ng6 9. Bf1 Be7 $13 {Gelfand-Sveshnikov/Ljubjana/
1995}) 6. Ba4 (6. Be2 $5 d5 7. exd5 Nxd5 8. d4 cxd4 (8... Be7 9. c4 Nf6 10.
dxc5 Bxc5 11. Qxd8+ Kxd8 12. Nc3 Ke7 13. Rd1 Rd8 14. Rxd8 Nxd8 15. a3 $14 {
Kasparov-Kramnik/Paris/Rapid/1995}) 9. Nxd4 Nxd4 10. Qxd4 Bd7 11. Bf3 $14 {
Kramnik-Miladinovic/Beograd/1995}) 6... b5 7. Bc2 Bb7 8. Qe2 Ng6 (8... Qb6 9.
Rd1 d5 10. e5 d4 $8 11. Be4 (11. cxd4 Nxd4 12. Nxd4 cxd4 13. Be4 d3 14. Bxd3
Qc6 15. f3 Qc5+ 16. Kh1 Ng6 17. Be4 $14 {Rublevsky,S-Minasian,A/Montecatini
Terme 2000}) 11... Rd8 (11... Ng6 12. d3 Be7 13. cxd4 cxd4 14. Nbd2 (14. Na3
Bd8 15. Nc2 Bc7 16. Ncxd4 Ncxe5 17. Nxe5 Nxe5 $13 {Totsky,L-Belikov,V/RUS
Army-ch 1995}) 14... O-O 15. Nb3 Rfd8 16. h4 Qc7 17. Bd2 Ngxe5 $2 18. Nxe5 Qxe5
19. Na5 $1 $18 {Tkachiev,V-Pinski,J/Geneva op 1997}) 12. d3 h6 13. Nbd2 Nd5 ({
Very serious attention deserved} 13... dxc3 $5 14. bxc3 Nd5 15. Bb2 Be7 16. c4
bxc4 (16... Nf4 17. Qe3 Ng6 18. cxb5 axb5 19. a4 bxa4 20. Nc4 $11) 17. Nxc4 Qc7
18. Rac1 O-O $13 {with unclear position}) 14. cxd4 cxd4 15. a4 $1 $14 {
Grischuk,A-Kotsur,P/Elista 2000/CBM 79}) (8... d5 9. e5 {[%cal Gd2d4]} d4 10.
Be4 Ng6 11. cxd4 cxd4 12. d3 Be7 13. Nbd2 O-O 14. Nb3 Qb6 15. h4 Rfd8 ({
Loosing a pawn} 15... a5 16. h5 a4 17. Bxc6 Bxc6 18. Nbxd4 Nh8 19. Nxc6 Qxc6
20. Bg5 Bxg5 21. Nxg5 h6 22. Ne4 $16 {Tkachiev,V-Cherniaev,A/Biel 1994}) 16. h5
Nf8 $8 17. h6 g6 18. Bg5 $14 {[%csl Rc5,Rd6,Rf6] Pavasovic,D-Oral,T/Mitropa
Cup 1999}) 9. d4 cxd4 10. cxd4 Nh4 $5 11. Rd1 $5 {White prefers his knight on
c3 so he defends d4 with the rook.} (11. Nbd2 Rc8 12. Bb1 (12. d5 Ne5 (12...
Na5 13. Bd3 Ng6 14. g3 Be7 15. dxe6 dxe6 16. a4 bxa4 17. Bxa6 $16 {Tkachiev,
V-Ansell,S/London 1994/EXT 2000}) 13. Nd4 g5 $6 14. a4 b4 15. N2b3 g4 16. Rd1
$16 {Tkachiev,V-San Segundo Carrillo,P/Ponferrada 1997}) 12... Bd6 13. e5 Bb8
14. Qe4 Nf5 15. Nb3 d6 16. Qg4 Nce7 17. Re1 Qb6 $13 {Totsky,L-Kogan,A/Budapest
1996/CBM 53}) 11... Rc8 (11... Nxf3+ 12. Qxf3 Rc8 13. Nc3 Qf6 14. Qe3 d6 15. d5
$16 {Sorokin,M-Aarthie,R/Hyderabad 2000/CBM 79}) 12. Nc3 Be7 $2 ({Crucial for
the whole variation position arises after} 12... Nxf3+ 13. Qxf3 d5 $5 14. exd5
(14. e5 b4 15. Ne2 Nxe5 $1 {[%csl Rc2]} 16. Ba4+ Nd7 $17) 14... Nb4 15. Bb3
Nxd5 $13 {and black seems to be doing fine.}) (12... b4 $5) 13. Nxh4 $1 Bxh4
14. e5 $1 $36 {The bishop on h4 causes black nothing but troubles!} O-O (14...
Nb4 15. Bb1 O-O 16. a3 Nd5 17. Ne4 $14) 15. Qh5 g6 16. Qh6 {[%csl Rh4,Rh7]
[%cal Gd1d3,Gd3h3]} d5 (16... b4 $2 17. Ne4 Nxd4 18. Rxd4 Rxc2 19. Bg5 $1 Bxe4
20. Bxh4 $1 $18) 17. Rd3 $1 $18 {Rh3 is a lethal threat!} f5 $8 (17... Nb4 $2
18. Rh3 Nxc2 19. Rxh4 Qxh4 20. Qxh4 Nxa1 21. Qf6 $18 {[%cal Gc1h6]}) 18. Rh3 g5
19. Be3 $6 {Even better was} (19. Bxg5 $1 Qxg5 20. Rg3 $1 Qxg3 21. hxg3 Nxd4
22. gxh4 Nxc2 23. Qxe6+ $18) 19... b4 20. Ne2 Rf7 21. f4 (21. Qxe6 $5 $18)
21... Nxe5 $5 22. dxe5 d4 $8 23. Nxd4 Rxc2 24. Nxc2 Qd3 {[%cal Gd3e2]} 25. Kh1
$5 {White is not ready to take any risk!} (25. Nd4 $5) 25... Qxc2 26. Rg1 {
[%csl Rh4]} Bd5 27. fxg5 f4 28. g6 Qxg6 29. Qxh4 $1 fxe3 30. Rg3 1-0

[Event "Moscow Aeroflot op"]
[Site "Moscow"]
[Date "2002.02.07"]
[Round "5"]
[White "Vokarev, Sergey"]
[Black "Shariyazdanov, Andrey"]
[Result "0-1"]
[WhiteElo "2507"]
[BlackElo "2532"]
[Annotator "Finkel,A"]
[PlyCount "118"]
[EventDate "2002.02.04"]
[EventType "swiss"]
[EventRounds "9"]
[EventCountry "RUS"]
[SourceTitle "CBM 088"]
[Source "ChessBase"]
[SourceDate "2002.03.21"]
[SourceVersion "1"]
[SourceVersionDate "2002.03.21"]
[SourceQuality "1"]

1. e4 c5 2. Nf3 Nc6 3. Bb5 e6 4. Bxc6 bxc6 5. d3 Ne7 6. Qe2 (6. Ng5 Ng6 (6...
f6 7. Nh3 g6 8. f4 Bg7 9. O-O O-O 10. Nf2 d6 11. Nd2 a5 12. a4 f5 13. Nf3 Rb8
14. Rb1 c4 $5 15. dxc4 fxe4 16. Nxe4 d5 17. cxd5 exd5 18. Nf2 Qb6 19. Re1 Nf5
20. Ne5 Rb7 21. b3 Rd8 $44 {Bologan,V-Shabalov,A/Connecticut USA 2000/The Week
in Chess 286}) 7. f4 Be7 8. Nf3 d5 9. c4 e5 10. f5 dxe4 11. dxe4 Nf4 $2 12.
Qxd8+ Bxd8 13. Nxe5 Nxg2+ 14. Kf2 Nh4 {[%csl Rh4]} 15. Nc3 Bf6 16. Ng4 Bd4+ 17.
Kg3 h5 18. Nf2 Bf6 19. Nh3 Bxf5 20. exf5 Nxf5+ 21. Kf4 $18 {Bologan,
V-Sveshnikov,E/Tallinn EST 2000/The Week in Chess 273}) (6. h4 h5 7. Qe2 f6 8.
e5 fxe5 9. Nxe5 d6 10. Nc4 Nf5 11. Bg5 Be7 12. Bxe7 Qxe7 13. Nc3 e5 14. O-O-O
Be6 $13 {Shabanov,Y-Arkhipov,S/Smolensk RUS 2000/The Week in Chess 287}) 6...
f6 (6... Ng6 7. h4 h5 8. e5 Be7 (8... f6 9. Qe4 (9. Rh3 d5 10. exd6 Bxd6 11.
Rh1 e5 12. Na3 Bg4 13. Nc4 O-O 14. Qe4 Ne7 $13 {Obodchuk,A-Bocharov,D/Orsk
2000/EXT 2001}) 9... Kf7 10. Na3 (10. Rh3 Qc7 11. Ng5+ fxg5 12. Rf3+ Kg8 13.
Qxg6 Qxe5+ 14. Kf1 gxh4 $2 15. Bg5 $40 {Bezold,M-Volkmann,F/Austria 1999/EXT
2000}) 10... Qc7 11. Nc4 Ba6 12. Bf4 Nxf4 13. Qxf4 Be7 $132 {Vokarev,
S-Arkhipov,S/Smolensk RUS 2000/The Week in Chess 287}) (8... d6 9. exd6 Bxd6
10. Nc3 e5 11. Ng5 Bg4 12. f3 Bf5 13. Be3 Rb8 14. O-O-O Qb6 15. b3 Qa5 16. Nce4
Be7 17. Kb1 O-O $2 {[%csl Rh5]} 18. Ng3 Bd7 19. Nxh5 Rb6 20. Bd2 Qa3 21. Bc1
Qa5 22. Qd2 $18 {Yudasin,L-Manca,F/Reggio Emilia ITA 2000}) 9. Qe4 c4 10. dxc4
Rb8 11. b3 c5 12. Bb2 Bb7 13. Qe3 Nxh4 14. Nxh4 Bxh4 15. Nc3 $14 {Breder,
D-Moroz,A/Pardubice 2000/EXT 2001}) (6... Qc7 7. O-O (7. e5 Nf5 8. Bd2 Be7 9.
Bc3 O-O 10. Nbd2 Bb7 11. Rg1 d5 $13 {Prokopchuk,E-Sherbakov,R/Novgorod 1999/
CBM 69}) 7... Ng6 8. Ng5 Be7 9. Qh5 Qd8 10. Nc3 Ba6 11. f4 Bxg5 12. fxg5 d6 $6
13. b3 $1 $14 {Ovetchkin,R-Sherbakov,R/Smolensk 2000/CBM 77}) 7. Nh4 g6 8. f4
Bg7 9. O-O O-O 10. Nf3 Rb8 $5 {Not permitting white to play Be3.} (10... e5 11.
fxe5 fxe5 12. Be3 d6 13. Nbd2 h6 14. a3 a5 $13 {Jakovenko,D-Shariyazdanov,A/
Samara 2000/CBM 78}) 11. c4 $5 {Typical decision for this kind of position.} d6
12. Be3 e5 13. fxe5 fxe5 14. Qd2 $6 {This move I can hardly explain, it's just
a waste of time!} (14. Nc3 Bg4 15. b3 Qd7 16. h3 Bxf3 17. Rxf3 Rxf3 18. Qxf3
Rf8 $11 {[%csl Rd4,Gd5]}) 14... Bg4 $5 15. Nc3 Bxf3 16. Rxf3 Rxf3 17. gxf3 {
[%csl Rf3,Gf4]} Kh8 $1 {[%cal Ge7g8,Gg8f6,Gf6h5]} 18. Rf1 Ng8 19. Ne2 Nf6 20.
b3 Qd7 ({Nothing promised} 20... Nh5 21. Ng3 Qh4 22. Nxh5 Qxh5 $11) 21. Kg2 $6
({Better was} 21. Ng3 $5 h5 22. Qg2 $1 $14 {[%csl Rg6]}) 21... Rf8 22. Ng3 h5
23. h3 Kh7 24. Ne2 Ne8 $5 {[%cal Ge8c7,Gc7e6,Ge6d4,Ge6f4] Knight has nothing
to do on f6 so it goes to e6!} 25. Qe1 (25. f4 exf4 26. Rxf4 (26. Nxf4 $2 g5 $1
27. Nxh5 Rxf1 28. Nxg7 (28. Kxf1 $2 Qxh3+ $19) 28... Rf7 (28... Nxg7 29. Kxf1
Qxh3+ 30. Ke1 $13) 29. Nf5 Ng7 30. Nxg7 Rxg7 31. Bxg5 Qf7 $15) 26... Nf6 27.
Rf3 $13) 25... Nc7 26. Qg3 Ne6 27. f4 $6 exf4 28. Nxf4 Nxf4+ 29. Bxf4 Qf7 $1 {
[%cal Gf8f1]} 30. Qf3 Qe6 $1 $15 {[%cal Gd6d5]} 31. Qe2 d5 32. Rf3 (32. Qe3 Re8
33. e5 $5 $13) 32... Re8 33. cxd5 $6 (33. Bg3 $5) 33... cxd5 34. Bg3 Kg8 35.
Qc2 Bd4 $1 {[%csl Gf2] Black tries to make white's task as complicated as
possible.} 36. Rf4 (36. exd5 Qxd5 37. Qc4 Qxc4 38. dxc4 Re2+ $17 {[%csl Gf2]})
36... Qd7 37. exd5 Re3 $5 (37... Qxd5+ 38. Re4 $11) 38. Re4 (38. Qc4 Re2+ 39.
Kf3 Rxa2 40. d6+ Kg7 $36 {[%cal Gd7h3,Gh3g2]}) 38... Qxd5 39. Bf4 Re1 40. Qc4 (
40. Kh2 Rf1 41. Bg3 Kh7 $15) 40... Qxc4 41. bxc4 Rg1+ 42. Kf3 $6 ({More
persistant was} 42. Kh2 Rd1 43. Re7 a5 44. Ra7 Bc3 $15 {[%csl Ra2,Rd3] and
black still has to work very hard to win the game.}) 42... Rf1+ 43. Kg3 Rd1 $1
$17 44. Re6 Rxd3+ 45. Kg2 Kf7 46. Ra6 Rc3 47. h4 $2 {[%csl Rh4]} (47. Rxa7+ Ke6
48. a4 Kf5 49. Bb8 $17 {[%cal Ga4a8]}) 47... Bf6 48. Bg3 Rxc4 $19 49. Kh3 Rc3
50. Kg2 c4 51. Bf2 Rd3 52. Rxa7+ Ke6 53. Rc7 c3 54. Be1 Rd2+ $1 55. Kf1 Rxa2
56. Rc6+ Kf5 57. Rc5+ Kg4 58. Rc6 c2 59. Bd2 Bxh4 0-1

[Event "Mondariz zt 1.1"]
[Site "Mondariz"]
[Date "2000.09.03"]
[Round "1"]
[White "Reinderman, Dimitri"]
[Black "De la Riva Aguado, Oscar"]
[Result "1-0"]
[WhiteElo "2551"]
[BlackElo "2462"]
[Annotator "Finkel,A"]
[PlyCount "139"]
[EventDate "2000.09.03"]
[EventType "swiss"]
[EventRounds "11"]
[EventCountry "ESP"]
[SourceTitle "CBM 079"]
[Source "ChessBase"]
[SourceDate "2000.11.21"]
[SourceVersion "1"]
[SourceVersionDate "2000.11.21"]
[SourceQuality "1"]

1. e4 c5 2. Nf3 Nc6 3. Bb5 a6 $6 {This move is just a loss of tempo,that's why
it may hardly be recommended for use!} 4. Bxc6 dxc6 5. O-O Bg4 6. h3 Bh5 7. Re1
(7. d3 Qc7 (7... f6 8. Be3 e5 9. Nc3 Bd6 10. Re1 Ne7 11. Qe2 O-O 12. Rad1 Qb6
13. b3 Rad8 $13 {Pallag,S-Cmilyte,V/WchJW-U12 1994}) 8. Be3 (8. a4 Nf6 9. Re1
e5 10. a5 Be7 11. b3 Rd8 12. Bb2 $14 {Heimrath,W-Kreuzer,G/LL-N9495}) 8... e5
9. Nbd2 Bd6 10. a4 a5 11. Nc4 Ne7 12. c3 O-O 13. g4 Bg6 14. Qb3 Rfd8 15. Rfd1
Rab8 16. Qb6 Qxb6 17. Nxb6 f6 18. Nd2 $14 {Morozevich,A-De la Villa Garcia,J/
Torneo de Pamplona 9th 1998}) 7... Qc7 8. e5 $5 {Interesting move trying to
disturb normal development of black pieces.} (8. b4 cxb4 9. a3 e5 10. axb4 Bxb4
11. c3 Bd6 12. d4 Bxf3 13. Qxf3 Ne7 14. Nd2 b5 15. Qg4 Ng6 16. Nf3 O-O $15 {
Robovic,S-Horvath,P/Harkany op 1993}) 8... e6 9. d3 Ne7 10. Qe2 (10. Nbd2 Nd5
11. a4 a5 12. Nf1 Be7 13. Ng3 Bg6 14. Bg5 $14) 10... h6 11. Bf4 $5 {[%cal
Gb1d2,Gd2c4,Gc4d6]} g5 12. Bh2 Bxf3 13. Qxf3 Nf5 14. Nd2 O-O-O (14... Nd4 15.
Qd1 O-O-O 16. Ne4 $14) 15. Ne4 Be7 16. Qh5 $14 Rdf8 17. a3 Qd8 $5 18. b4 $5 Qd5
(18... cxb4 $6 19. axb4 Bxb4 20. Reb1 Be7 21. Ra2 Qd7 22. Rab2 b5 23. Ra2 $16)
19. bxc5 Bxc5 20. c4 Qd4 21. Rab1 {[%cal Gb1b3,Ge1b1]} a5 $1 22. Qd1 $6 ({
Much stronger was} 22. Nxc5 $1 Qxc5 23. Rb2 Qxa3 24. Reb1 Qe7 25. Qd1 $16 {
[%csl Ra5,Rb7][%cal Gd1a4] with big advantage.}) 22... Kc7 23. Qb3 b6 24. Kh1
$5 {[%cal Gh2g1,Gf2f3]} a4 25. Qc2 Ra8 26. Bg1 Rhd8 27. Red1 Qd7 28. Nxc5 bxc5
29. f3 {[%csl Rc5]} (29. Rb2 Nd4 30. Qc3 Nb3 31. f3) 29... Nd4 30. Qc3 Nb3 $6 {
Permitting white to sacrifice an exchange and to get very strong initiative.} (
30... Ne2 31. Qb2 Ng3+ 32. Kh2 Rdb8 33. Qc2 Nf5 34. Bxc5 $18) (30... Rdb8 31.
Rxb8 Kxb8 32. Qb2+ (32. Rb1+ Kc8 33. Rb6 (33. Bxd4 Qxd4 34. Qxd4 cxd4 $11)
33... Qc7 34. Qb2 Nb3 $132) 32... Kc7 33. Rb1 Nb3 34. Bxc5 Qxd3 35. Bd6+ Kc8
36. Re1 $36) 31. Rxb3 $1 axb3 32. Bxc5 Kc8 (32... Rab8 $2 33. Bd6+ $18) 33.
Qxb3 Qb7 34. Qc2 Qa6 35. Qe2 $5 $16 (35. Bd6 $5) 35... Rb8 36. Qe4 Qa4 37. Rc1
Rb2 38. Qh7 Qa5 {[%cal Ga5c5,Ga5d2]} 39. Bb4 (39. Bd6 Qd2 40. Rg1) 39... Qa7
40. Bd6 Qe3 41. Rg1 Qf4 42. Qxh6 Rc2 {[%cal Gc2c1]} 43. Be7 Rg8 (43... Rc1 44.
Bxg5 (44. Bxd8 $2 Rxg1+ 45. Kxg1 Qc1+ 46. Kh2 Qf4+ $11) 44... Rxg1+ 45. Kxg1
Qd4+ 46. Kh2 Qxe5+ 47. f4 Qh8 48. Qxh8 Rxh8 49. Bf6 $18 {[%cal Gh3h8]}) 44. Qh7
Re8 45. Bf6 Rc1 46. Qe4 $1 Qxe4 47. fxe4 Rc3 48. Rd1 Rg8 49. Kh2 Rxa3 50. Rd2
$1 {[%cal Gh2g4] Preparing to take the pawn on g5.} Ra1 (50... Kd7 51. Kg3 Rb8
52. Kf3 Rbb3 53. Ke3 Ra5 54. Bxg5 Rxe5 55. Kf4 Ra5 56. e5 $16 {[%cal Gh3h7]})
51. Kg3 Rf1 52. Ra2 Kb7 53. Rb2+ Kc8 54. Ra2 Kb7 55. Rf2 Rd1 56. Kg4 $5 (56.
Rf3 g4 57. hxg4 Ra8 58. Bg5 Ra3 59. Rxf7+ Kc8 60. Bf6 $16) 56... Rxd3 57. Bxg5
Rd4 58. Rxf7+ Kb6 59. Rf4 $18 Kc5 60. h4 Kxc4 61. h5 Kd3 (61... Rd2 62. g3 Kd4
63. Rf8 Rxf8 64. Bxd2 Kxe5 65. h6 Kxe4 66. Kh5) 62. h6 Rd7 63. Kh5 c5 64. g4 c4
65. Rf1 Kxe4 (65... Rc7 66. Bc1 c3 67. g5 Rc5 68. h7 Rh8 69. Kh6 $18) 66. Re1+
Kf3 (66... Kd3 67. Rd1+ $18) 67. Re3+ Kg2 68. Rc3 Rd4 69. Bf6 Rd3 70. Rxc4 1-0

[Event "RUS-chT 12th"]
[Site "Sochi"]
[Date "2005.04.20"]
[Round "2"]
[White "Rublevsky, Sergei"]
[Black "Eljanov, Pavel"]
[Result "1/2-1/2"]
[WhiteElo "2645"]
[BlackElo "2641"]
[Annotator "Finkel,A"]
[PlyCount "68"]
[EventDate "2005.04.19"]
[EventType "team-tourn"]
[EventRounds "11"]
[EventCountry "RUS"]
[SourceTitle "EXT 2020"]
[Source "ChessBase"]
[SourceDate "2019.10.17"]
[SourceVersion "1"]
[SourceVersionDate "2019.10.17"]
[SourceQuality "1"]
[WhiteTeam "Kazan Ladya"]
[BlackTeam "Saratov Ekonomist SGSEU"]
[WhiteTeamCountry "RUS"]
[BlackTeamCountry "RUS"]

1. e4 c5 2. Nf3 Nc6 3. Bb5 e6 4. O-O Nge7 5. c3 a6 6. Ba4 c4 7. Qe2 b5 8. Bc2
Ng6 9. b3 Bc5 $5 {Following Khalifman's footsteps.} (9... Qc7 10. bxc4 Nf4 11.
Qe3 bxc4 12. Ba3 Be7 13. Bxe7 Nxe7 14. Na3 O-O 15. Rab1 f5 16. Qb6 $14 {
Rublevsky,S-Kasparov,G/Izmir 2004}) (9... cxb3 $6 10. axb3 Be7 11. d4 O-O 12.
d5 $6 (12. Be3 $14) 12... Nb8 13. c4 exd5 14. cxd5 d6 15. Be3 Bf6 $132 {
Saldano Dayer,H-Lazarev,V/Albacete 2001}) 10. bxc4 {Entering the forced
variation, which leads to White's minimal advantage.} (10. e5 $6 d5 11. d4 cxd3
12. Bxd3 O-O 13. Bxg6 fxg6 14. Ba3 b4 15. cxb4 Nxb4 $132 {Zhang
Zhong-Khalifman,A/Shanghai 2001}) 10... Nf4 11. Qe1 bxc4 12. Ba3 Qa5 (12... Qe7
$144 13. Bxc5 Qxc5 14. Qe3) 13. Bxc5 Qxc5 14. Qe3 {That's the point of White's
previous play: Black is forced to trade the queens, so the pawn on c4 remains
unprotected.} Qxe3 (14... Nd3 15. Bxd3 Qxe3 16. fxe3 (16. dxe3 $6 cxd3 17. Rd1
a5 18. Rxd3 Ba6 19. Rd1 Ke7 20. Nbd2 Rab8 $44) 16... cxd3 17. Na3 d5 18. exd5
exd5 19. Rab1 f6 20. Rb6 $14) 15. dxe3 Ng6 16. Na3 a5 17. Nxc4 $14 (17. Nd2 $5
Ba6 18. f4 e5 19. g3 $14) 17... Ba6 18. Nb6 Rb8 19. Rfb1 Ke7 20. Nd4 (20. Nd2
$6 {[%csl Gc4]} Nge5 21. f3 Rb7 22. Kf2 Rhb8 23. Na4 d6 $11) 20... Nge5 21. f4
Nc4 22. Nxc4 Bxc4 23. Kf2 {[%csl Rc3][%cal Gf2e1,Ge1d2] The pawn on c3 needs
protection so White doesn't have time to push e5:} (23. e5 Rhc8 24. a3 Rxb1+
25. Rxb1 Nxd4 26. cxd4 Bd5 27. e4 Rxc2 28. exd5 exd5 29. Rb5 Rc1+ 30. Kf2 Rc2+
31. Kf1 Rc1+ 32. Ke2 Rc2+ 33. Kd3 Rxg2 34. Rxd5 Rxh2 35. Rxa5 $14) 23... f6 24.
Ke1 g6 25. Kd2 {[%cal Ge6e5]} e5 26. Bb3 Ba6 27. Nf3 d6 28. g4 Nd8 29. Bd5 Ne6
30. f5 Nc5 31. c4 g5 32. h4 h6 $6 (32... gxh4 33. Nxh4 Rhg8 34. Rxb8 Rxb8) 33.
Kc2 {[%csl Gb2]} a4 (33... Rbc8 $5) 34. hxg5 hxg5 (34... hxg5 35. Rxb8 Rxb8 36.
Rh1 a3 37. Rh7+ Kd8 38. Rh8+ Kc7 39. Rxb8 Kxb8 40. Nd2 $16 {[%csl Ra3]})
1/2-1/2

[Event "Mondariz zt 1.1"]
[Site "Mondariz"]
[Date "2000.09.07"]
[Round "5"]
[White "Lautier, Joel"]
[Black "Nataf, Igor Alexandre"]
[Result "1-0"]
[WhiteElo "2648"]
[BlackElo "2526"]
[Annotator "Finkel,A"]
[PlyCount "133"]
[EventDate "2000.09.03"]
[EventType "swiss"]
[EventRounds "11"]
[EventCountry "ESP"]
[SourceTitle "CBM 079"]
[Source "ChessBase"]
[SourceDate "2000.11.21"]
[SourceVersion "1"]
[SourceVersionDate "2000.11.21"]
[SourceQuality "1"]

1. e4 c5 2. Nf3 Nc6 3. Bb5 Nf6 4. Nc3 g6 5. h3 Nd4 6. e5 Nxb5 7. Nxb5 Nd5 8.
O-O (8. c4 Nb4 (8... Nc7 9. Nxc7+ Qxc7 10. d4 cxd4 11. Qxd4 Bg7 12. O-O O-O 13.
Bf4 b6 14. Rfd1 Qc6 $132 {Pavasovic,D-Licina,A/Bled op 1994}) 9. d4 a6 10. Nc3
cxd4 11. Nxd4 Bg7 12. Bf4 O-O 13. O-O d6 {1/2-1/2 Kiroski,T-Mitkovski,O/FRM-ch
1993}) 8... Nc7 $6 (8... a6 9. c4 Nf4 10. Nc3 Ne6 11. d4 cxd4 12. Nxd4 Bg7 13.
Nf3 b5 $13 {Svidler,P-Nedev,T/XVI ECC 2000}) 9. Nxc7+ Qxc7 10. d4 cxd4 11. Qxd4
Bg7 12. Bg5 d6 13. exd6 Bxd4 14. dxc7 Bb6 $5 {An attempt to improve black's
play:} (14... Bc5 15. Rad1 Be6 16. Nd4 Bd7 (16... Bxd4 $2 17. Rxd4 Rc8 18. Rfd1
O-O 19. Rd8 $18 {[%cal Gg5h6]}) 17. Rfe1 e6 18. Bf6 Rf8 19. Nb5 $1 Rc8 20. Rd6
$1 a6 21. Red1 {1-0 Forster,R-Nedev,T/zt 1.2 2000}) 15. Rfe1 Be6 16. Bf4 Rc8
17. Ng5 Bxc7 (17... Bd5 18. Rad1 Bc6 19. Bd6 e6 20. Ne4 Bxe4 21. Rxe4 $16) 18.
Nxe6 fxe6 19. Bxc7 Rxc7 20. c3 $14 {This position arised by force after 14th
move of back and I must say that black's opening choise is not very successful:
white has very convenient advantage and a lot of possibilities to improve his
position,while black has very passive position,which he is to defend with or
without success till the end of the game.} Rc6 (20... Kf7 21. Rad1 Rhc8 22. Rd4
Rc4 23. Rd3 R4c5 24. Kf1 $14) 21. Rad1 Rf8 22. Re4 Rf5 23. Rb4 Rc7 24. Kf1 Rd5
25. Ke2 Kf7 ({Deserved attention to change the pair of rooks} 25... Rxd1 26.
Kxd1 Kf7 27. Rf4+ Kg7 28. Kd2 $14) 26. Rf4+ Ke8 (26... Rf5) 27. Rfd4 Re5+ 28.
Kf3 Rf5+ 29. Ke3 Rcc5 30. Re4 Rc6 31. Rdd4 a5 (31... Rd5 32. Rxd5 $5 exd5 33.
Re5 Rb6 34. b3 Ra6 35. a4 e6 $14) 32. Rc4 Rb6 33. b3 Kd7 34. Rcd4+ Rd6 35. f3
Rg5 36. Rg4 Re5+ 37. Kd2 g5 $6 {This move is serious inaccuracy after which
black is in troubles.} 38. Rd3 b6 39. Re4 Rc5 (39... Rxe4 40. fxe4 e5 41. Ke2
Ke6 42. Rf3 $14) 40. c4 Rf5 41. Kc3 h6 42. a3 Rc5 43. b4 axb4+ 44. axb4 Rc8 45.
h4 gxh4 $6 ({It was nececary to play} 45... Ra8 46. Rxd6+ exd6 47. hxg5 hxg5
48. Rg4 Rg8 49. f4 Ke7 $14 {with good chanses to hold the position.}) 46. Rxh4
Rg8 47. g4 Rf8 48. Re3 Rf6 49. Rh1 Rc6 50. Rd1+ Rd6 51. Ra1 Rf4 52. Ra7+ Kd8
53. b5 $1 $16 {[%csl Rb6,Rd6,Rh6]} Rdd4 $6 {Losing without a fight.} (53... Rf6
54. Kb4 Rf4) 54. Rxe6 Rxc4+ 55. Kd3 Rb4 56. Ke3 $1 $18 Rf6 57. Rexe7 Rxb5 58.
Rh7 {[%csl Rd8]} Re6+ 59. Kf4 Ra5 60. Rh8+ Re8 61. Rxa5 bxa5 62. Rxh6 Re1 63.
Ra6 Ra1 64. g5 a4 65. Kf5 a3 66. g6 a2 67. g7 1-0